Business strategy : selected readings

Saved in:
Bibliographic Details
Other Authors: Ansoff, H. Igor (Editor)
Format: Book
Language:English
Published: Harmondsworth : Penguin, 1969
Series:Penguin modern management readings
Subjects:
Tags: Add Tag
No Tags, Be the first to tag this record!

MARC

LEADER 00000nam a2200000 i 4500
001 1/58259
008 960313s1969 eng d
035 |l 10028335 
040 |a GR-MY-UA  |b gre  |e aacr 
041 0 |a eng 
082 0 |a 658 
245 1 0 |a Business strategy :  |b selected readings 
260 |a Harmondsworth :   |b Penguin,   |c 1969 
300 |a 388 p. 
490 1 |a Penguin modern management readings 
650 0 0 |a Industrial management. 
700 1 |a Ansoff, H. Igor.  |4 edt 
830 0 |a Penguin modern management readings 
852 |a INST  |b CHIOS  |e 19960313  |h 658 BUS  |p 005200004682  |q 005200004682  |t BK  |y 0 
909 |a Χ  |b 000712